| 000 | 01049nam a2200301 i 4500 | ||
|---|---|---|---|
| 001 | 000015332 | ||
| 003 | DO-SdBNP | ||
| 005 | 20240802130503.0 | ||
| 007 | ta | ||
| 008 | 100205s2004 dr 001 0 spa d | ||
| 040 |
_aDO-SdBNP _bspa _cBNPHU _erda |
||
| 041 | _aspa | ||
| 082 | 4 |
_a629.04503 _bG643d _222 |
|
| 100 | 1 |
_aGonzález Díaz, Nestor Julio, _d1927- _934661 _eautor |
|
| 245 | 1 | 0 |
_aDiccionario marítimo enciclopédico / _cNestor Julio González Díaz. |
| 250 | _aPrimera edición | ||
| 264 | 1 |
_aSanto Domingo : _bComisión Permanente para la Reforma y Modernización de las Fuerzas Armadas, _c2004. |
|
| 300 |
_a289 páginas ; _c22 cm. |
||
| 336 |
_2rdacontent _atexto _btxt |
||
| 337 |
_2rdamedia _asin mediación _bn |
||
| 338 |
_2rdacarrier _avolumen _bnc |
||
| 500 | _aIncluye datos biográficos del autor en la contracubierta | ||
| 590 | _aInventariado, 2024/BT | ||
| 650 | 4 |
_aCiencia naval _xDiccionarios _934664 |
|
| 650 | 4 |
_aNavegación _xDiccionarios _934665 |
|
| 910 | _aValidado. Control de calidad MFF | ||
| 942 |
_2ddc _cLBS1 |
||
| 999 |
_c14898 _d14898 |
||